Potential of cashew nut in patanakiri provinve,(សក្តានុពលដំណាំស្វាយចន្ទី នៅខេត្តរតនគិរី). (Record no. 771)
[ view plain ]
| 000 -LEADER | |
|---|---|
| fixed length control field | 00525nam a22001577a 4500 |
| 003 - CONTROL NUMBER IDENTIFIER | |
| control field | OSt |
| 005 - DATE AND TIME OF LATEST TRANSACTION | |
| control field | 20150918165740.0 |
| 008 - FIXED-LENGTH DATA ELEMENTS--GENERAL INFORMATION | |
| fixed length control field | 150918b xxu||||| |||| 00| 0 eng d |
| 040 ## - CATALOGING SOURCE | |
| Transcribing agency | RUA |
| 082 ## - DEWEY DECIMAL CLASSIFICATION NUMBER | |
| Classification number | AGR PIT 2006 BO33 Or.1 |
| 100 ## - MAIN ENTRY--PERSONAL NAME | |
| 9 (RLIN) | 799 |
| Personal name | PITH, LINA |
| 245 ## - TITLE STATEMENT | |
| Title | Potential of cashew nut in patanakiri provinve,(សក្តានុពលដំណាំស្វាយចន្ទី នៅខេត្តរតនគិរី). |
| 260 ## - PUBLICATION, DISTRIBUTION, ETC. (IMPRINT) | |
| Place of publication, distribution, etc. | phnom phen |
| Name of publisher, distributor, etc. | RUA |
| Date of publication, distribution, etc. | 2006 |
| 300 ## - PHYSICAL DESCRIPTION | |
| Extent | VIII,50p. |
| Other physical details | ill. |
| Dimensions | 29cm. |
| 942 ## - ADDED ENTRY ELEMENTS (KOHA) | |
| Source of classification or shelving scheme | |
| Koha item type | AGR |
| Price effective from | Date last seen | Permanent Location | Not for loan | Date acquired | Source of classification or shelving scheme | Koha item type | Lost status | Withdrawn status | Date last checked out | Total Checkouts | Shelving location | Damaged status | Barcode | Current Location | Full call number |
|---|---|---|---|---|---|---|---|---|---|---|---|---|---|---|---|
| 2015-09-18 | 2018-07-10 | Library Block B | 2015-09-18 | AGR | 2018-06-22 | 1 | B033 | RUA002844 | Library Block B | AGR PIT 2006 BO33 Or.1 | |||||
| 2015-09-18 | 2024-11-26 | Library Block B | 2015-09-18 | AGR | 2024-11-12 | 2 | B033 | RUA002700 | Library Block B | AGR PIT 2006 BO33 Or.2 | |||||
| 2015-09-18 | 2015-09-18 | Library Block B | 2015-09-18 | AGR | B033 | RUA002628 | Library Block B | AGR PIT 2006 BO33 Or.3 | |||||||
| 2015-09-18 | 2024-02-21 | Library Block B | 2015-09-18 | AGR | 2024-02-19 | 2 | B033 | RUA002556 | Library Block B | AGR PIT 2006 BO33 Or.4 | |||||
| 2019-01-21 | 2024-12-13 | Library Block B | 2019-01-21 | AGR | 2024-12-06 | 3 | B1.210 | A41579 | Library Block B | AGR PIT 2006 B1.210 Or.1 | |||||
| 2019-01-21 | 2026-01-19 | Library Block B | 2019-01-21 | AGR | 2025-10-17 | 2 | B1.210 | A40104 | Library Block B | AGR PIT 2006 B1.210 Or.2 |